| 000 | 00563nam a2200133Ia 4500 | ||
|---|---|---|---|
| 008 | 100328s9999 xx 000 0 und d | ||
| 082 | _b51567 | ||
| 100 | _aप्रभावळकर दिलीप | ||
| 245 | _aदिलीप प्रभावळकरांच्या एकांकिका | ||
| 260 | _bभारद्वाज | ||
| 630 | _aदिलीप प्रभावळकरांच्या एकांकिका | ||
| 730 | _aदिलीप प्रभावळकरांच्या एकांकिका | ||
| 942 | _cBOOK | ||
| 999 |
_c538506 _d538503 |
||